000 00367nam a22001457a 4500
005 20160222143728.0
008 160222b xxu||||| |||| 00| 0 eng d
040 _cPK-LaUMT
082 _aAMC 955
_bSIB-I
100 _aسیط حسن
245 _aانقلاب ایران
_cسیط حسن
260 _aلاہور
_bدانیال
_c1983
300 _a407 ص
942 _cBK
999 _c83053
_d83053